Szczegóły MARC21

Doing sensory ethnography /

003 -Nazwa inst., której nr kontr. jest w polu 001 [,]
    • @
    • Nazwa instytucji, której n kontrolny jest w polu 001
    • NUKAT
005 -DATA I CZAS OSTATNIEJ MODYFIKACJI [,]
    • @
    • pole kontrolne
    • 20241231104855.0
020 -Międzynarod. znormalizowany nr książki - ISBN [ , ]
    • a
    • Numer ISBN
    • 9781412948029 Find
020 -Międzynarod. znormalizowany nr książki - ISBN [ , ]
    • a
    • Numer ISBN
    • 9781412948036 Find
    • q
    • Dopowiedzenie
    • pbk
040 -Instytucja sporządzająca opis [ , ]
    • a
    • Instytucja, która sporządziła opis (NP)
    • SZCZ U/AP
    • c
    • Instytucja, która sporządziła rekord (NP)
    • SZCZ U/AP
    • d
    • Instytucja, która zmodyfikowała rekord (P)
    • SZCZ U/KP
942 -Rodzaj dokumentu [ , ]
    • c
    • Rodzaj dokumentu
    • Książka
100 -Hasło główne - nazwa osobowa [1, ]
    • a
    • Nazwa osobowa (NP)
    • Pink, Sarah
    • d
    • Daty biograficzne (NP)
    • (1966- ).
    • 9
    • KHW
    • 72339
245 -Strefa tytułu i oznaczenia odpowiedzialności [1,0]
    • a
    • Tytuł
    • Doing sensory ethnography / Find
    • c
    • Pozostałe elementy strefy tytułu i oznaczenia odpowiedzialności (NP)
    • Sarh Pink.
250 -Strefa wydania [ , ]
    • a
    • Oznaczenie wydania (NP)
    • Reprinted.
260 -Strefa adresu wydawniczego [ , ]
    • a
    • Miejsce wydania (P)
    • Los Angeles [etc.] :
    • b
    • Nazwa wydawcy (P)
    • Sage,
    • c
    • Data wydania (P)
    • 2013.
300 -Strefa opisu fizycznego [ , ]
    • a
    • Określenie formy książki i/lub objętość (NP)
    • VII, 168 s. :
    • b
    • Oznaczenie ilustracji (NP)
    • il. ;
    • c
    • Format (NP)
    • 25 cm.
336 -Typ zawartości [ , ]
    • a
    • Termin opisujący typ zawartości
    • Tekst
    • b
    • Kod określający zawartość
    • txt
    • 2
    • Źródło (terminu i kodu)
    • rdacontent
337 -Typ mediów [ , ]
    • a
    • Tryb odtwarzania
    • Bez urządzenia pośredniczącego
    • b
    • Kod typu mediów
    • n
    • 2
    • Źródło (terminu i kodu)
    • rdamedia
338 -Typ/rodzaj nośnika [ , ]
    • a
    • Hasło opisujące typ nośnika
    • Wolumin
    • b
    • Kod typu nośnika
    • nc
    • 2
    • Źródło (terminu i kodu)
    • rdacarrier
504 -Uwaga dot. bibliogr. załącznikowej [ , ]
    • a
    • Uwaga dot. bibliografii załącznikowej
    • Bibliogr. s. 155-164 i przy rozdziałach. Indeks.
080 -Uniwersalna Klasyfikacja Dziesiętna [ , ]
    • 2
    • Identyfikator wydania tablic
    • UDC-P058
    • 9
    • UKD
    • 2709
    • a
    • Symbol klasyfikacji
    • 303.4/.8
    • b
    • Dopowiedzenie
    • Metody i techniki badań społecznych. Rodzaje badań. Strategia badań. Projektowanie badań. Surveye. Badania ankietowe. Ankiety. Dobór prób. Wywiady. Kwestionariusze. Opracowanie wyników. Organizacja badań. Socjometria. Metoda biograficzna w socjologii (biogramy)
    • 4
    • UKD2
    • 7665
    • x
    • Poddział wspólny
    • (075.8)
    • c
    • Dopowiedzenie poddz. wspólnego
    • (Podręczniki dla szkół wyższych. Skrypty).
    • 4
    • UKD2
    • 7644
    • x
    • Poddział wspólny
    • =111
    • c
    • Dopowiedzenie poddz. wspólnego
    • =Język angielski.
080 -Uniwersalna Klasyfikacja Dziesiętna [ , ]
    • 2
    • Identyfikator wydania tablic
    • UDC-P058
    • 9
    • UKD
    • 3967
    • a
    • Symbol klasyfikacji
    • 39
    • b
    • Dopowiedzenie
    • Etnologia. Etnografia. Zwyczaje i obyczaje. Folklor.
    • 4
    • UKD2
    • 7665
    • x
    • Poddział wspólny
    • (075.8)
    • c
    • Dopowiedzenie poddz. wspólnego
    • (Podręczniki dla szkół wyższych. Skrypty).
    • 4
    • UKD2
    • 7644
    • x
    • Poddział wspólny
    • =111
    • c
    • Dopowiedzenie poddz. wspólnego
    • =Język angielski.
650 -Hasło przedmiotowe [ ,7]
    • a
    • Hasło przedmiotowe
    • Analiza sensoryczna.
    • 2
    • Źródło terminu
    • kaba
    • 9
    • KHW
    • 101281
650 -Hasło przedmiotowe [ ,7]
    • a
    • Hasło przedmiotowe
    • Antropologia wizualna.
    • 2
    • Źródło terminu
    • kaba
    • 9
    • KHW
    • 163417
980 -Symbol UKD [ , ]
    • a
    • UKD
    • 303.4/.8:39](075.8)=111
710 -Hasło dodatkowe - nazwa ciała zbiorowego [2, ]
    • a
    • Nazwa ciała zbiorowego lub nazwa geograficzna jako pierwszy element (NP)
    • SAGE Publishing.
    • 4
    • Kod relacji
    • pbl
    • 9
    • KHW
    • 55261
920 -ISBN [ , ]
    • a
    • ISBN
    • 978-1-4129-4803-6 Find
    • q
    • Dopowiedzenie
    • pbk
920 -ISBN [ , ]
    • a
    • ISBN
    • 978-1-4129-4802-9 Find
Lokalizacja Data inwentaryzacji Status udost. Numer inwentarzowy Sygnatura
T2014-06-16-2T.17519T.17519